Terytoria zależne - Statystyki

Ogólne statystyki
  • Ten quiz został rozwiązany 38 razy
    13 od ostatniego zresetowania
  • Średni wynik to 20 z 76
Statystyki odpowiedzi
Hint Odpowiedź % Poprawnych
Należy do USA Guam
63%
Należy do Wielkiej Brytanii Bermudy
50%
Należy do Wielkiej Brytanii Falklandy
50%
Należy do Danii Grenlandia
50%
Należy do Wielkiej Brytanii Guernsey
50%
Należy do Wielkiej Brytanii Jersey
50%
Należy do Wielkiej Brytanii Kajmany
50%
Należy do Nowej Zelandii Niue
50%
Należy do Francjii Nowa Kaledonia
50%
Należy do Francji Polinezja Francuska
50%
Należy do Francji Reunion
50%
Należy do USA Samoa Amerykańskie
50%
Należy do Chile Wyspa Wielkanocna
50%
Należy do Chile Wyspa Wielkanocna
50%
Należy do USA Wyspy Dziewicze
50%
Należy do USA Wyspy Dziewicze
50%
Należy do Danii Wyspy Owcze
50%
Należy do Holandii Aruba
38%
Należy do Wielkiej Brytanii Brytyjskie wyspy dziewicze
38%
Należy do Wielkiej Brytanii Gibraltar
38%
Należy do Francji Gujana Francuska
38%
Należy do Francji Majotta
38%
Należy do USA Mariany Północne
38%
Należy do Francji Martynika
38%
Należy do Wielkiej Brytanii Montserrat
38%
Należy do Australii Norfolk
38%
Należy do Australii Norfolk
38%
Należy do Wielkiej Brytanii Pitcairn
38%
Należy do Australii Wyspa bożego narodzenia
38%
Należy do Wielkiej Brytanii Wyspa Man
38%
Należy do Wielkiej Brytanii Anguilla
25%
Należy do Wielkiej Brytanii Brytyjskie terytorium oceanu indyjskiego
25%
Należy do Hiszpanii Ceuta
25%
Należy do Wielkiej Brytanii Georgia południowa i sandwich południowy
25%
Należy do Francji Gwadelupa
25%
Należy do Chin Hongkong
25%
Należy do USA Johnston
25%
Należy do Chin Makau
25%
Należy do Hiszpanii Melilla
25%
Należy do USA Midway
25%
Należy do USA Portoryko
25%
Należy do Holandii Saba
25%
Należy do Francji Saint Barthelemy
25%
Należy do Holandii i Francji Saint Martin
25%
Należy do Francji Saint pierre i miquelon
25%
Należy do Norwegii Svalbard
25%
Należy do Nowej Zelandii Tokelau
25%
Należy do Wielkiej Brytanii Turks i Caicos
25%
Należy do Francji Wallis i futuna
25%
Należy do Australii Wyspy kokosowe
25%
Należy do Wielkej Brytanii Akrotiri
13%
Należy do Holandii Antyle Holenderskie
13%
Należy do Holandii Bonaire
13%
Należy do Wielkiej Brytanii Brytyjskie terytorium antarktyczne
13%
Należy do Wielkiej Brytanii Dhekelia
13%
Należy do Francji Francuskie terytoria południowe i antarktyczne
13%
Należy do Norwegii Jan Mayen
13%
Należy do Holandii Sint Eustatius
13%
Należy do USA Wake
13%
Należy do Nowej Zelandii Wyspy cooka
13%
Należy do USA Wyspy dziewicze stanów zjednoczonych
13%
Należy do Australii Wyspy morza koralowego
13%
Należy do Wielkiej Brytanii Wyspy świętej Heleny
13%
Należy do Australii Australijskie Terytorium Antarktyczne
0%
Należy do USA Baker
0%
Należy do USA Howland
0%
Należy do USA Jarvis
0%
Należy do USA Kingman
0%
Należy do USA Navassa
0%
Należy do USA Palmyra
0%
Należy do USA Wake Island
0%
Należy do Norwegii Wyspa Bouveta
0%
Należy do Francji Wyspa Clippertona
0%
Należy do Australii Wyspy Ashmore i cartiera
0%
Należy do Australii Wyspy Heard i mcdonalda
0%
Należy do Brazylii Wyspy Świętego Piotra i Pawła
0%
Nie znaleziono quizów pasujących do podanych kryteriów
Rozkład punktacji
Procent ludzi z każdym wynikiem
Percentyl według liczby udzielonych odpowiedzi
Twoja historia wyników
Nie rozwiązałeś tego quizu od ostatniego zresetowania